000
00268nam a2200109Ia 4500
008
220204s9999 xx 000 0 und d
082
_a
82-1
_b
SUD
100
_a
Sud, K N
245
0
_a
Selection from Ghalib and Iqbal
260
_a
New Delhi
_b
Sterling
_c
1978
942
_c
BK
999
_c
29075
_d
29075